000 00791nam a2200277 i 4500
001 C2-0256931
003 PPAK
005 20180727224130.0
008 040809s2004 my a|||| ||||| | eng d
020 _a9830342034
040 _aPPAK
_beng
_cPPAK
_erda
082 0 4 _a500
_223
090 0 0 _a500
_bTAN
_dRK
100 1 _aTan, Eric T.S.,
_eauthor
245 1 0 _aEarth's the evolution
264 1 _aKuala Lumpur :
_bPenerbitan Hartamas ,
_c2004
300 _a40 pages :
_bcolour illustrations ;
_c29 cm
336 _2rdacontent
_atext
337 _2rdamedia
_aunmediated
338 _2rdacarrier
_avolume
490 1 _aDiscovering science series
650 1 0 _aHistorical geology
700 0 _aRajendran M. Maniklam,
_eeditor
830 0 _aDiscovering science series
942 _ddc
_cB
999 _c68958
_d68958